01434nam a22002297a 450000500170000000800410001702000180005804000070007604100120008308200230009510000270011824500570014526000320020230000270023436500620026152006090032365000430093270000310097594200120100699900190101895201670103720260211190405.0220106b ||||| |||| 00| 0 eng d a9781847942258 cAL aEnglish 223a650.1082bHELH aSally Helgesen 912587 aHow women risebBreak the 12 habits holding you back aLondonbRandom House c2018 a242p.bPBc19.8X13.1cm 2Generala4477b₹467.22c₹d₹599.00e22%f18-12-2021 aDo you hesitate about putting forward ideas? Are you reluctant to claim credit for your achievements? Do you find it difficult to get the support you need from your boss or the recognition you deserve from your colleagues? If your answer to any of these is ‘Yes’, How Women Rise will help get you back on track. Inspiring and practical by turns, it identifies 12 common habits that can prove an obstacle to future success and tells you how to overcome them. In the process, it points the way to a career that will satisfy your ambitions and help you make the difference you want to make in the world. 2ManagementaBusiness management912595 aGoldsmithdMarshall912588 2ddccBK c221096d221096 00102ddc40708GENaSACPGbSACPGd2021-12-30eBiblios Book Pointg467.22l2m1o650.1082 HELHpPG023496r2022-08-24 00:00:00s2022-01-31v599.00w2022-01-06yBK